Doces - Statistics

Estatísticas Gerais
  • Esse quiz foi jogado 230 vezes
    229 desde o último reset
  • A pontuação média é 45 de 67
Estatísticas das Respostas
Imagem Resposta % Correto
Sorvete
99%
Rosquinha / Donut
98%
Bolo
97%
Picolé
97%
Brigadeiro
96%
Pudim
96%
Chocolate
93%
Chiclete
92%
Pirulito
92%
Cookie / Biscoito
91%
Milkshake
90%
Paçoca
90%
Bolinho / Cupcake
89%
Bala
88%
Algodão Doce
87%
Gelatina
87%
Panetone
87%
Sonho
87%
Geléia
85%
Cocada
84%
Goiabada
84%
Pé de Moleque
84%
Açaí
83%
Churros
83%
Beijinho
82%
Chocotone
80%
Torta
80%
Bombom
79%
Mousse
79%
Rocambole
79%
Pamonha
78%
Jujuba
72%
Pipoca Doce
72%
Quindim
72%
Iogurte
70%
Macaron
70%
Doce de Leite
69%
Maria Mole
69%
Brownie
65%
Trufa
65%
Petit Gâteau
64%
Pão de Mel
63%
Marshmallow
62%
Merengue / Suspiro
59%
Alfajor
56%
Pavê
56%
Raspadinha
56%
Crepe
55%
Pé de Moça
52%
Bengala Doce
50%
Bomba de Chocolate
50%
Cajuzinho
50%
Smoothie / Vitamina
49%
Palha Italiana
47%
Biscoito de Gengibre / Boneco de Gengibre
45%
Rabanada
45%
Bananinha
44%
Tiramisu
44%
Ursinho de Goma / Gummy Bear
41%
Cheesecake
37%
Curau
37%
Teta de Nega
37%
Milho Doce / Candy Corn
25%
Cannoli
23%
S'more
23%
Cuca
22%
Bombocado
8%
Nenhum quiz correspondente encontrado
Distribuição das Pontuações
Porcentagem de Pessoas com Cada Pontuação
Percentil de Números Respondidos
Sua Pontuação Histórica
Você não jogou esse quiz desde o último reset